Handbook of mathematical concepts and formulas for students in science and engineering / Mohammad Asadzadeh, Reimond Emanuelsson. (Record no. 22534)

000 -LEADER
fixed length control field 01789nam a22001937a 4500
020 ## - INTERNATIONAL STANDARD BOOK NUMBER
ISBN 9781800613317
082 ## - DEWEY DECIMAL CLASSIFICATION NUMBER
Classification number 510
Item number As83 2024
100 ## - MAIN ENTRY--AUTHOR NAME
Personal name Asadzadeh, Mohammad, author.
245 ## - TITLE STATEMENT
Title Handbook of mathematical concepts and formulas for students in science and engineering / Mohammad Asadzadeh, Reimond Emanuelsson.
260 ## - PUBLICATION, DISTRIBUTION, ETC. (IMPRINT)
Place of publication New Jersey :
Name of publisher World Scientific,
Year of publication ©2024.
300 ## - PHYSICAL DESCRIPTION
Number of Pages 1 online resource, xxv, 639 pages :
Other physical details illustrations (some color).
500 ## - GENERAL NOTE
General note Includes bibliographical references and index.
520 ## - SUMMARY, ETC.
Summary, etc "This book is a comprehensive collection of main mathematical concepts: definitions, theorems, tables, and formulas that the students of science and engineering encounter in their studies and later on in their professional careers. The aim is to introduce mathematics in an up-to-date text that supports the reader/target group to see, easily accessible, ways to approach their questions/problems, meanwhile getting familiar with, often short, mathematical/logical reasoning. The layout is designed so that the theory, applications, and examples are in correlation with each other. The book covers crucial concepts of whole calculus, linear and abstract algebra, as well as analysis, applied math, mathematical statistics, and numerical analysis. Most of the complex theorems appear in a simplified form without affecting their context. There are appendices with Mathematica and Math-Lab programming, which contain programs of simple character for educational purposes, as well as some more involved ones designed to solve problems of more real application"-- Provided by publisher.
650 ## - SUBJECT ADDED ENTRY--TOPICAL TERM
Topical Term Mathematics.
650 ## - SUBJECT ADDED ENTRY--TOPICAL TERM
Topical Term Engineering mathematics.
650 ## - SUBJECT ADDED ENTRY--TOPICAL TERM
Topical Term Science--Mathematics.
700 ## - ADDED ENTRY--PERSONAL NAME
Personal name Emanuelsson, Reimond, author.
942 ## - ADDED ENTRY ELEMENTS (KOHA)
Koha item type Electronic Books
Holdings
Source of acquisition Permanent Location Date acquired Collection code Koha item type Lost status Shelving location Withdrawn status Current Location Full call number
DonationCagayan State University - Carig Library2026-04-16E-BooksElectronic Books E-Resource Section Cagayan State University - Carig Library510 As83 2024

Cagayan State University University Library, Carig Campus
Tuguegarao City, Cagayan 3500 | www.csucarig.edu.ph

Powered by Koha